[Event "EU-Cup 36th"]
[Site "Struga"]
[Date "2021.09.19"]
[Round "2.5"]
[White "Mai, Alexander Oliver"]
[Black "Stojkoski, Acko"]
[Result "1-0"]
[WhiteElo "2042"]
[BlackElo "2104"]
[PlyCount "74"]
[EventDate "2021.09.18"]
[EventType "team-swiss"]
[EventRounds "7"]
[EventCountry "MKD"]
[SourceTitle "CBM 204 Extra"]
[Source "ChessBase"]
[SourceDate "2021.11.30"]
[SourceVersion "1"]
[SourceVersionDate "2021.11.30"]
[SourceQuality "1"]
[WhiteTeam "Reykjavik"]
[BlackTeam "Gostivar"]
[WhiteTeamCountry "ISL"]
[BlackTeamCountry "MKD"]

1. e4 c6 2. Nc3 d5 3. Nf3 dxe4 4. Nxe4 Nf6 5. Qe2 Nxe4 6. Qxe4 Nd7 7. Bc4 Nf6 8. Ne5 e6 9. Qe2 Be7 10. 0-0 0-0 11. Rd1 Qc7 12. d4 Rd8 13. Bf4 Bd6 14. Bg5 Be7 15. Rd3 Nd5 16. Bxe7 Qxe7 17. Rf3 f6 18. Nd3 Nb6 19. Nf4 Rxd4 20. Bxe6+ Bxe6 21. Nxe6 Rd5 22. Re3 Qd6 23. Qg4 Qd7 24. Rae1 Re8 25. h3 Re7 26. b3 Qd6 27. Nxg7 Rg5 28. Rxe7 Rxg4 29. hxg4 Nd5 30. Nf5 Qb4 31. Re8+ Kf7 32. c4 h5 33. cxd5 hxg4 34. d6 g3 35. Nxg3 Qxd6 36. R8e7+ Qxe7 37. Rxe7+ Kxe7 1-0

[Event "FRM-chT 29th"]
[Site "Struga"]
[Date "2021.08.20"]
[Round "6"]
[White "Kalin, Andrei"]
[Black "Stojkoski, Acko"]
[Result "0-1"]
[WhiteElo "1391"]
[BlackElo "2101"]
[PlyCount "56"]
[EventDate "2021.08.15"]
[EventType "team-tourn"]
[EventRounds "7"]
[EventCountry "MKD"]
[SourceTitle "CBM 203 Extra"]
[Source "ChessBase"]
[SourceDate "2021.09.30"]
[SourceVersion "1"]
[SourceVersionDate "2021.09.30"]
[SourceQuality "1"]
[WhiteTeam "Skopje MSK Centar"]
[BlackTeam "Gostivar"]
[WhiteTeamCountry "MKD"]
[BlackTeamCountry "MKD"]

1. e4 c5 2. Nf3 d6 3. Bb5+ Bd7 4. Bxd7+ Qxd7 5. c4 e5 6. d3 h6 7. Nc3 Nc6 8. Qe2 Nf6 9. Nd5 Nxd5 10. exd5 Ne7 11. 0-0 g5 12. Nxe5 dxe5 13. Qxe5 f6 14. Qxf6 Rg8 15. Re1 0-0-0 16. Qc3 Nf5 17. Be3 Kb8 18. Qa3 b6 19. Qb3 Nh4 20. Qd1 Bd6 21. d4 cxd4 22. Bxd4 g4 23. Kh1 Rde8 24. Qd2 Nf5 25. Be3 Nxe3 26. fxe3 Re4 27. Qc3 Qe7 28. Rab1 Bb4 0-1

[Event "Ognjanovo Strugov Memorial 7th"]
[Site "Ognjanovo"]
[Date "2016.04.16"]
[Round "2"]
[White "Kantardzhieva, Toni"]
[Black "Stojkoski, Acko"]
[Result "1-0"]
[WhiteElo "1873"]
[BlackElo "2223"]
[PlyCount "61"]
[EventDate "2016.04.16"]
[EventType "swiss"]
[EventRounds "7"]
[EventCountry "BUL"]
[SourceTitle "CBM 171 Extra"]
[Source "ChessBase"]
[SourceDate "2016.04.26"]
[SourceVersion "1"]
[SourceVersionDate "2016.04.26"]
[SourceQuality "1"]

1. d4 d5 2. Nf3 Nf6 3. e3 g6 4. b3 Bg7 5. Bb2 0-0 6. Bd3 Bg4 7. h3 Bxf3 8. Qxf3 c6 9. 0-0 Nbd7 10. Nd2 Nh5 11. g4 Nhf6 12. Qg3 e6 13. f4 Qb8 14. Qf2 a5 15. f5 Re8 16. Rae1 a4 17. c4 axb3 18. axb3 Ra2 19. Bc3 b5 20. Bb1 Ra7 21. e4 bxc4 22. e5 Ne4 23. Nxe4 dxe4 24. bxc4 Qb3 25. Re3 Qxc4 26. Bxe4 c5 27. d5 exf5 28. gxf5 Bxe5 29. fxg6 f5 30. Bxf5 Bd4 31. gxh7+ 1-0